000 00295cam a2200133ua 4500
003 OSt
008 240115b |||||||| |||| 00| 0 eng d
041 _amal
082 _a894.812 301
_bBBP/MA
245 _aMarikkatha Pennu /
260 _aParur :
_bB B Printer.
300 _a96 ; .
942 _cBK
999 _c6535
_d6535